| 000 | 00742nam a22001575i 4500 | ||
|---|---|---|---|
| 001 | 161451 | ||
| 003 | ES-MaACL | ||
| 005 | 20230906212303.0 | ||
| 008 | 041020m18261827fr |||| | por d | ||
| 040 |
_aCAM _bspa _cCAM |
||
| 245 | 0 | 0 | _aParnaso lusitano ou poesias selectas dos auctores portuguezes antigos e modernos, illustradas com notas, precedido de una historia abreviada da lingua e poesia portugueza. |
| 260 |
_aParis : _bEm casa de J. P. Aillaud, _c1826-1827 ( _fImprimerie de Rignoux) |
||
| 300 |
_a5 v. (CXXXIV, 280; 460; 467; 447; 456) ; _c12 cm. |
||
| 505 | 8 | _aT.I: Epicos. T.II: Descriptivos, didacticos, philosophicos. T.III: Epigrammaticos. T.IV: Lyricos. T.V: Epistolares | |
| 852 |
_aES-MaACL _jG-15108-15112 _z-- Enc. pasta |
||
| 999 |
_c161451 _d161451 |
||